书目信息 |
| 题名: |
信息管理科学导论
|
|
| 作者: | 胡昌平 著 | |
| 分册: | ||
| 出版信息: | 北京 高等教育出版社 2001.7 |
|
| 页数: | 425页 | |
| 开本: | 23cm | |
| 丛书名: | ||
| 单 册: | ||
| 中图分类: | G203 | |
| 科图分类: | ||
| 主题词: | 信息论 , 传播学 | |
| 电子资源: | ||
| ISBN: | 7-04-009652-8 | |
| 000 | 00585nam0 2200217 45 | |
| 001 | 0234050115 | |
| 005 | 2002120709273012 | |
| 010 | @a7-04-009652-8@dRMB 37.50 | |
| 100 | @a20021207d2001 km y0chiy0120 ea | |
| 101 | 0 | @achi |
| 102 | @aCN@b110000 | |
| 200 | 1 | @a信息管理科学导论@Axin xi guan li ke xue dao lun@f胡昌平著@Fhu chang ping zhu |
| 205 | @a2版 | |
| 210 | @a北京@c高等教育出版社@d2001.7 | |
| 215 | @a425页@d23cm | |
| 606 | 0 | @a信息论 |
| 606 | 0 | @a传播学 |
| 690 | @aG203@v3 | |
| 701 | 0 | @a胡昌平@Ahu chang ping@4著 |
| 801 | 0 | @aCN@bPFT@c20021207 |
| 905 | @a10447@dG203@eH450 | |
| 信息管理科学导论/胡昌平著.-2版.-北京:高等教育出版社,2001.7 |
| 425页;23cm |
| ISBN 7-04-009652-8:RMB 37.50 |
| ● |
| 相关链接 |
|
|
|
正题名:信息管理科学导论
索取号:G203/H450
 
预约/预借
| 序号 | 登录号 | 条形码 | 馆藏地/架位号 | 状态 | 备注 |
| 1 | 362226 | 203622268 | 社科库409/409社科库 57排1列4层/ [索取号:G203/H450] | 在馆 | |
| 2 | 362227 | 203622277 | 社科库409/ [索取号:G203/H450] | 在馆 |